000 00677nam a2200205Ia 4500
003 OSt
005 20250818110336.0
008 210210b2001 xxu||||| |||| 00| 0 eng d
020 _a81 7713 085 4
040 _cAL
041 _aKannada
082 _a294.5211K BORU
100 _aBORALINGAYYA (Hi Chi).
_9236143
_dಬೋರಲಿಂಗಯ್ಯ (ಹಾಯ್ ಚಿ)
245 _aUjjani chaudamma; gramadevate adhyayana.
_bಉಜ್ಜನಿ ಚೌಡಮ್ಮ; ಗ್ರಾಮದೇವತೆ ಅಧ್ಯಯನ.
260 _aBengaluru
_bKannada Pustaka Pradhikara
_c2001
300 _axii,163,8
690 _aHinduism
_9236144
906 _aSG04026
942 _2ddc
_cBK
999 _c114858
_d114858